000
00354nam a2200145Ia 4500
008
090124s9999 xx 000 0 und d
082
_b
134662
245
_a
नाती
250
_a
1
260
_b
भारद्वाज मंदाकिनी
_c
2006
300
_a
186
630
_a
नाती
730
_a
नाती
942
_c
BOOK
999
_c
194014
_d
194014